000 01016nam a22003017a 4500
001 4
003 FISKH
005 20230220162024.0
008 230220b cb ||||| |||| 00| 0 eng d
020 _a9780545109239
020 _a054510923X
040 _aDLC
_cDLC
_dDLC
_dFISKH
_beng
042 _alcac
050 0 0 _aPZ7
_b.D9117 Ho 2008
082 0 0 _a428.64
_222
100 1 _aDuncan, Lois,
_d1934-2016.
245 1 0 _aHotel for dogs /
_cby Lois Duncan.
260 _aNew York :
_bScholastic,
_cc2008.
300 _a178 p.
_c20 cm.
520 _aLiz and her brother wind up with nine stray dogs that need homes but must be kept a secret.
521 _a730
_bLexile
521 _a T
_bRaz-Paz
650 1 _aDogs
_vFiction.
856 4 2 _3Publisher description
_uhttp://www.loc.gov/catdir/enhancements/fy1116/2008022767-d.html
856 4 2 _3Contributor biographical information
_uhttp://www.loc.gov/catdir/enhancements/fy1301/2008022767-b.html
906 _a7
_bcbc
_corignew
_d1
_eecip
_f20
_gy-gencatlg
942 _2ddc
_cBK
_n0
999 _c4
_d4